[Event "74. C.to Provinciale PD-ROV"]
[Site "Monselice ITA"]
[Date "2014.01.25"]
[Round "2.12"]
[White "Chianale, Angelo"]
[Black "Lovisetto, Giampaolo"]
[Result "1-0"]
[WhiteElo "1702"]
[BlackElo "1579"]
[Annotator "Gabriele Ballarin"]
[PlyCount "73"]
[EventDate "2014.01.24"]
[EventType "swiss"]
[EventRounds "5"]
[EventCountry "ITA"]

1. e4 e6 2. d3 d5 3. Nd2 c5 4. Ngf3 Nc6 5. g3 g6 6. Bg2 Bg7 7. O-O Nge7 8. Re1 O-O 9. e5 Qc7 10. Qe2 b6 11. Nf1 Ba6 12. Bf4 Rac8 13. h4 Nf5 14. h5 Bh6 15. Bxh6 Nxh6 16. Nh4 Nd4 17. Qd2 Kg7 18. Nh2 Qd7 19. Rac1 c4 20. c3 Ndf5 21. Nxf5+ Nxf5 22. d4 Qe7 23. Ng4 Rc7 24. Nf6 h6 25. Qf4 g5 26. Qg4 Kh8 27. f4 gxf4 28. Qxf4 Rg8 29. g4 Qf8 30. gxf5 Rg5 31. fxe6 fxe6 32. Kh2 Rcg7 33. Rg1 Qf7 34. Bh3 Bb5 35. Rxg5 hxg5 36. Qe3 Be8 37. Rg1 1-0

[Event "74. C.to Provinciale PD-ROV"]
[Site "Monselice ITA"]
[Date "2014.01.25"]
[Round "2.13"]
[White "Baù_226, Lorenzo"]
[Black "Simonetto, Alessio"]
[Result "0-1"]
[WhiteElo "1411"]
[BlackElo "1700"]
[Annotator "Gabriele Ballarin"]
[PlyCount "37"]
[EventDate "2014.01.24"]
[EventType "swiss"]
[EventRounds "5"]
[EventCountry "ITA"]

1. Nf3 d5 2. b3 Bf5 3. Bb2 e6 4. e3 Nf6 5. d3 Nbd7 6. Be2 Bd6 7. h3 h6 8. a3 c6 9. Nbd2 Qc7 10. Nf1 O-O 11. N1h2 e5 12. O-O Rfe8 13. Qd2 Nc5 14. Kh1 Bd7 15. Rg1 e4 16. Ne1 exd3 17. Bxd3 Nfe4 18. Nhf3 Nxd2 19. Nxd2 0-1

[Event "74. C.to Provinciale PD-ROV"]
[Site "Monselice ITA"]
[Date "2014.01.25"]
[Round "2.14"]
[White "Aliberti, Nicola"]
[Black "Minei, Giovanni"]
[Result "1-0"]
[WhiteElo "1696"]
[BlackElo "1153"]
[Annotator "Gabriele Ballarin"]
[PlyCount "61"]
[EventDate "2014.01.24"]
[EventType "swiss"]
[EventRounds "5"]
[EventCountry "ITA"]

1. f4 e5 2. fxe5 d6 3. Nf3 dxe5 4. Nxe5 Nf6 5. g3 Qd5 6. Nf3 c5 7. Bg2 Nc6 8. Nc3 Qh5 9. Nb5 Kd8 10. c4 Bh3 11. O-O Bxg2 12. Kxg2 a6 13. Nc3 Bd6 14. d3 Re8 15. e4 Kd7 16. Nd5 Nxd5 17. cxd5 Ne5 18. Nxe5+ Rxe5 19. Qxh5 Rxh5 20. Rxf7+ Kc8 21. Rxg7 b5 22. Rg8+ Kb7 23. Rxa8 Kxa8 24. Bf4 Be7 25. e5 Kb7 26. d6 Bxd6 27. exd6 Rd5 28. Rd1 c4 29. Kf3 b4 30. Ke4 Kc6 31. Rc1 1-0

[Event "74. C.to Provinciale PD-ROV"]
[Site "Monselice ITA"]
[Date "2014.01.25"]
[Round "2.15"]
[White "Brugnaro, Luca"]
[Black "Fornasiero, Mattia"]
[Result "1-0"]
[WhiteElo "1371"]
[BlackElo "1672"]
[Annotator "Gabriele Ballarin"]
[PlyCount "124"]
[EventDate "2014.01.24"]
[EventType "swiss"]
[EventRounds "5"]
[EventCountry "ITA"]

1. c4 e6 2. g3 d5 3. Bg2 Nf6 4. d3 Be7 5. Nc3 O-O 6. Bg5 d4 7. Bxf6 Bxf6 8. Ne4 c6 9. b4 Na6 10. a3 Be7 11. Nf3 c5 12. b5 Nc7 13. O-O a6 14. a4 Ne8 15. Nfd2 Qc7 16. Nb3 Nf6 17. Ned2 a5 18. e3 e5 19. h3 Rb8 20. Ne4 Nxe4 21. Bxe4 Bxh3 22. Qh5 f5 23. Bd5+ Kh8 24. Qxh3 b6 25. Kg2 Rf6 26. Qh5 Rbf8 27. Rh1 Rh6 28. Qd1 Rff6 29. Rxh6 Rxh6 30. Qe2 Qd6 31. Rh1 Bg5 32. Rxh6 Qxh6 33. Qf1 g6 34. Qh1 Qxh1+ 35. Kxh1 dxe3 36. fxe3 Bxe3 37. Na1 (37. Nxa5 $5 bxa5 38. b6 e4 39. b7) 37... f4 38. Nc2 Bd4 39. Nxd4 exd4 40. gxf4 Kg7 41. Kg2 Kf6 42. Kg3 Kf5 43. Be4+ Kf6 44. Kh4 h6 45. Kg3 Kf7 46. Kg4 Kf6 47. Kh4 Kf7 48. f5 gxf5 49. Bxf5 Kf6 50. Be4 Ke5 51. Kh5 Kf4 52. Kxh6 Ke3 53. Kg6 Kd2 54. Kf6 Kc3 55. Ke6 Kb4 56. Bf3 Kxa4 57. Kd6 Kb4 58. Bd1 a4 59. Bxa4 Kxa4 60. Kc6 Kb4 61. Kxb6 Kc3 62. Kxc5 Kxd3 1-0

[Event "74. C.to Provinciale PD-ROV"]
[Site "Monselice ITA"]
[Date "2014.01.25"]
[Round "2.16"]
[White "Alessi, Giovanni"]
[Black "Martello, Andrea"]
[Result "0-1"]
[WhiteElo "1641"]
[BlackElo "1471"]
[Annotator "Gabriele Ballarin"]
[PlyCount "100"]
[EventDate "2014.01.24"]
[EventType "swiss"]
[EventRounds "5"]
[EventCountry "ITA"]

1. e4 c5 2. Nf3 d6 3. c3 Nf6 4. d3 g6 5. g3 Bg7 6. Bg2 O-O 7. O-O Nc6 8. Bg5 Qb6 9. Qc2 e5 10. Kh1 Ng4 11. Ng1 f6 12. Bc1 Be6 13. f3 Nh6 14. Be3 Qd8 15. Qd2 Nf7 16. f4 f5 17. Qe2 Qd7 18. Nd2 b6 19. Ngf3 d5 20. exd5 Bxd5 21. Rfd1 Qc7 22. Ng5 Bxg2+ 23. Qxg2 Rae8 24. Nxf7 Rxf7 25. Nf3 h6 26. Rd2 Na5 27. Rc1 Qc6 28. Rcc2 exf4 29. Bf2 fxg3 30. hxg3 Rfe7 31. b4 Nb7 32. d4 Rd7 33. a3 Nd6 34. d5 Qb7 35. bxc5 bxc5 36. c4 Ne4 37. Re2 Qb3 38. Nh4 Qxa3 39. Nxg6 Rd6 40. Nf4 a5 41. Ra2 Qc1+ 42. Kh2 Qxc4 43. Rxa5 Rxd5 44. Nxd5 Qxe2 45. Bxc5 Nxc5 46. Rxc5 Qh5+ 47. Kg1 Bd4+ 48. Qf2 Bxf2+ 49. Kxf2 Re2+ 50. Kf1 Qf3+ 0-1

[Event "74. C.to Provinciale PD-ROV"]
[Site "Monselice ITA"]
[Date "2014.01.25"]
[Round "2.17"]
[White "Lodi, Paolo"]
[Black "Brugnaro, Andrea"]
[Result "0-1"]
[WhiteElo "1600"]
[BlackElo "1377"]
[Annotator "Gabriele Ballarin"]
[PlyCount "39"]
[EventDate "2014.01.24"]
[EventType "swiss"]
[EventRounds "5"]
[EventCountry "ITA"]

1. Nf3 g6 2. g3 Bg7 3. d4 d6 4. Bg2 h6 5. O-O Bf5 6. Nh4 c6 7. Nxf5 gxf5 8. c3 e6 9. Bf4 Nf6 10. Qb3 b5 11. a4 O-O 12. axb5 Qb6 13. Bxd6 Rd8 14. Bxb8 Raxb8 15. Bxc6 Rd6 (15... Qxc6 $5 16. bxc6 Rxb3) 16. Nd2 Rdd8 17. Ra6 Qc7 18. Rfa1 Nd7 19. Rxa7 Qd6 20. Nc4 0-1

[Event "74. C.to Provinciale PD-ROV"]
[Site "Monselice ITA"]
[Date "2014.01.25"]
[Round "3.1"]
[White "Carini, Massimo"]
[Black "Zanirato, Stefano"]
[Result "0-1"]
[WhiteElo "1953"]
[BlackElo "1876"]
[Annotator "Gabriele Ballarin"]
[PlyCount "54"]
[EventDate "2014.01.24"]
[EventType "swiss"]
[EventRounds "5"]
[EventCountry "ITA"]

1. e4 Nc6 2. d4 d5 3. exd5 Qxd5 4. Nf3 e5 5. Nc3 Bb4 6. Bd2 Bxc3 7. Bxc3 Bg4 8. dxe5 O-O-O 9. Qxd5 Rxd5 10. Bc4 Rc5 11. Bxf7 Bxf3 12. gxf3 Nxe5 13. Be6+ Kb8 14. O-O-O Nf6 15. Rhg1 Ng6 16. f4 Nxf4 17. Rxg7 Nxe6 18. Rf7 Rxc3 19. bxc3 Ne8 20. Re7 N8g7 21. Re1 Kc8 22. R1xe6 Nxe6 23. Rxe6 Rf8 24. Re2 Kd7 25. Kd1 Rf3 26. Re3 Rxf2 27. Rh3 Rf7 0-1

[Event "74. C.to Provinciale PD-ROV"]
[Site "Monselice ITA"]
[Date "2014.01.25"]
[Round "3.2"]
[White "Bergamasco, Tommaso"]
[Black "Franco, Alessandro P"]
[Result "1-0"]
[WhiteElo "1744"]
[BlackElo "1889"]
[Annotator "Gabriele Ballarin"]
[PlyCount "47"]
[EventDate "2014.01.24"]
[EventType "swiss"]
[EventRounds "5"]
[EventCountry "ITA"]

1. e4 c5 2. c3 Nf6 3. e5 Nd5 4. d4 cxd4 5. Bc4 Nb6 6. Bb3 d6 7. Nf3 Nc6 8. Bf4 dxe5 9. Nxe5 Nxe5 10. Bxe5 f6 11. Bxd4 e5 12. Qe2 Be7 13. Be3 Bd7 14. Nd2 Qc7 15. O-O O-O-O 16. a4 Bc6 17. a5 Nd5 18. Bxd5 Rxd5 19. Bxa7 Rhd8 20. Nc4 Bb5 21. Qg4+ Bd7 22. Qe4 f5 $2 23. Qxd5 Bc6 24. Qe6+ 1-0

[Event "74. C.to Provinciale PD-ROV"]
[Site "Monselice ITA"]
[Date "2014.01.25"]
[Round "3.3"]
[White "Pilotto, Alessandro"]
[Black "Lodici, Lorenzo"]
[Result "0-1"]
[WhiteElo "1610"]
[BlackElo "2097"]
[Annotator "Gabriele Ballarin"]
[PlyCount "114"]
[EventDate "2014.01.24"]
[EventType "swiss"]
[EventRounds "5"]
[EventCountry "ITA"]

1. d4 f5 2. Bf4 Nf6 3. c3 g6 4. e3 Bg7 5. h3 d6 6. Bc4 e6 7. Nf3 Qe7 8. Nbd2 Nbd7 9. a3 O-O 10. O-O Kh8 11. a4 e5 12. dxe5 dxe5 13. Bh2 e4 14. Nd4 Ne5 15. Be2 Rd8 16. Qc2 Nd3 17. Rad1 c5 18. Nb5 Be6 19. Nc7 Rac8 20. Nxe6 Qxe6 21. Nb3 a6 22. Rd2 b5 23. axb5 axb5 24. Rfd1 c4 25. Nd4 Qb6 26. Ra1 Nd5 27. Bg3 f4 28. exf4 Bxd4 29. Bg4 Bc5 30. Bxc8 Rxc8 31. Re2 e3 32. fxe3 Nxe3 33. Rxe3 Bxe3+ 34. Kh2 Rf8 35. Rf1 Qc6 36. Rf3 Bxf4 37. Bxf4 Rxf4 38. Rxf4 Nxf4 39. Qf2 Ne6 40. Qf6+ Kg8 41. Kh1 Qd7 42. Qe5 h5 43. Qb8+ Kh7 44. Qe5 Ng7 45. Kh2 Nf5 46. Qe2 h4 47. Kg1 Qd3 48. Qg4 Qe3+ 49. Kh1 Qe1+ 50. Kh2 Qg3+ 51. Qxg3 hxg3+ 52. Kg1 Ne3 53. Kh1 Kg7 54. Kg1 Kf6 55. Kh1 Ke5 56. Kg1 Ke4 57. Kh1 Kd3 0-1

[Event "74. C.to Provinciale PD-ROV"]
[Site "Monselice ITA"]
[Date "2014.01.25"]
[Round "3.4"]
[White "Viaggi, Stefano"]
[Black "Calicchia, Giovanni"]
[Result "1-0"]
[WhiteElo "2058"]
[BlackElo "1851"]
[Annotator "Gabriele Ballarin"]
[PlyCount "157"]
[EventDate "2014.01.24"]
[EventType "swiss"]
[EventRounds "5"]
[EventCountry "ITA"]

1. d4 d5 2. Nf3 Nf6 3. c4 e6 4. Nc3 Be7 5. Bf4 c6 6. e3 O-O 7. Bd3 Nbd7 8. h3 dxc4 9. Bxc4 b5 10. Bd3 a6 11. Qc2 c5 12. O-O Bb7 13. Ne5 cxd4 14. exd4 Rc8 15. Qe2 Nb6 16. Rad1 Nbd5 17. Bd2 Qb6 18. Nxd5 Bxd5 19. Bg5 Qb7 20. f3 Nh5 21. Bxe7 Qxe7 22. Bb1 g6 23. Qf2 Rc7 24. Rfe1 Qg5 25. Kh2 f5 26. Nd3 Qd8 27. Nc5 Kf7 28. b4 Bc4 29. Kg1 Rc6 30. Re5 Qg5 31. Rde1 Qg3 32. Qxg3 Nxg3 33. Kf2 Nh5 34. g3 Rd8 35. g4 Ng7 36. Ke3 h6 37. Rd1 Ne8 38. Nb7 Rdc8 39. Rc5 Ke7 40. Na5 Rxc5 41. dxc5 Bd5 42. gxf5 gxf5 43. Bxf5 Bxa2 44. Be4 Nf6 45. Bb7 Rc7 46. Rd6 Nd5+ 47. Bxd5 Bxd5 48. Rxa6 Kd8 49. Rb6 Bc4 50. Nxc4 bxc4 51. Rxe6 c3 52. Kd3 Rf7 53. Rxh6 Rxf3+ 54. Kc2 Kc7 55. b5 Rf5 56. Rc6+ Kb7 57. Kxc3 Rf3+ 58. Kd4 Rxh3 59. Re6 Rh4+ 60. Kd5 Rh1 61. Re7+ Kc8 62. b6 Kb8 63. c6 Rd1+ 64. Ke6 Re1+ 65. Kd7 Rd1+ 66. Ke8 Rc1 67. Kd7 Rd1+ 68. Ke8 Rc1 69. c7+ Kc8 70. b7+ Kxb7 71. Kd8 Ka8 72. Kc8 Ka7 73. Re6 Rc2 74. Re7 Rc1 75. Kd8 Ka8 76. Rd7 Rc2 77. Rd3 Kb7 78. Rb3+ Ka7 79. c8=Q 1-0

[Event "74. C.to Provinciale PD-ROV"]
[Site "Monselice ITA"]
[Date "2014.01.25"]
[Round "3.5"]
[White "Rosina, Graziano"]
[Black "Fracasso Pezzolato, Michele"]
[Result "0-1"]
[WhiteElo "1820"]
[BlackElo "1813"]
[Annotator "Gabriele Ballarin"]
[PlyCount "31"]
[EventDate "2014.01.24"]
[EventType "swiss"]
[EventRounds "5"]
[EventCountry "ITA"]

1. Nf3 Nf6 2. c4 g6 3. g3 Bg7 4. Bg2 d5 5. cxd5 Nxd5 6. O-O Nc6 7. Qb3 O-O 8. d3 Rb8 9. Nc3 Be6 10. Qa3 b5 11. Nxd5 Bxd5 12. Qc5 Qd6 13. Qxd6 cxd6 14. a3 Rfc8 15. Rd1 Nd4 16. Nxd4 {Nur} 0-1

[Event "74. C.to Provinciale PD-ROV"]
[Site "Monselice ITA"]
[Date "2014.01.25"]
[Round "3.6"]
[White "Chianale, Angelo"]
[Black "Rigo, Gianfrancesco"]
[Result "0-1"]
[WhiteElo "1702"]
[BlackElo "1950"]
[Annotator "Gabriele Ballarin"]
[PlyCount "112"]
[EventDate "2014.01.24"]
[EventType "swiss"]
[EventRounds "5"]
[EventCountry "ITA"]

1. e4 e5 2. Nf3 Nc6 3. d4 exd4 4. Nxd4 Bc5 5. Nb3 Bb6 6. Nc3 Qf6 7. Qe2 Nge7 8. Be3 d6 9. Bxb6 axb6 10. Nd5 Nxd5 11. exd5+ Ne7 12. c3 O-O 13. Qd2 Qe5+ 14. Be2 Qxd5 15. Qxd5 Nxd5 16. Bf3 Nf4 17. Kd2 Re8 18. Nd4 c6 19. a3 Bd7 20. Rhe1 Kf8 21. Rxe8+ Rxe8 22. Ne2 Ng6 23. Ng3 Ne5 24. Be2 d5 25. Re1 Ng6 26. Bf1 Rxe1 27. Kxe1 Nf4 28. Kd2 Ke7 29. Ke3 g5 30. Ne2 Ng6 31. f4 h6 32. fxg5 hxg5 33. g3 Ne5 34. h4 gxh4 35. gxh4 Nc4+ 36. Kf4 Kf6 37. h5 Nxb2 38. Nd4 c5 39. Nf3 Bf5 40. Nh4 Be4 41. Bh3 Nd3+ 42. Kg3 Kg5 43. Bg4 Ne5 44. Nf3+ Bxf3 45. Bxf3 Nxf3 46. Kxf3 Kxh5 47. Kf4 f6 48. Kf5 d4 49. cxd4 cxd4 50. Ke4 f5+ 51. Kxd4 f4 52. Kd3 Kg4 53. Ke2 Kg3 54. Kf1 b5 55. Kg1 f3 56. Kf1 f2 0-1

[Event "74. C.to Provinciale PD-ROV"]
[Site "Monselice ITA"]
[Date "2014.01.25"]
[Round "3.7"]
[White "Simonetto, Alessio"]
[Black "Luisetto, Alessandro"]
[Result "0-1"]
[WhiteElo "1700"]
[BlackElo "1814"]
[Annotator "Gabriele Ballarin"]
[PlyCount "62"]
[EventDate "2014.01.24"]
[EventType "swiss"]
[EventRounds "5"]
[EventCountry "ITA"]

1. e4 c6 2. d4 d5 3. Nc3 dxe4 4. Nxe4 Nf6 5. Nxf6+ exf6 6. Bc4 Bd6 7. Ne2 Qc7 8. h3 O-O 9. Qd3 a5 10. a4 Re8 11. O-O b6 12. d5 Nd7 13. f4 Nc5 14. Qf3 Bf5 15. Nd4 Be4 16. Qd1 cxd5 17. Bb5 Rf8 18. Qg4 Nb7 19. Nf5 Bc5+ 20. Kh1 g6 21. Nh6+ Kg7 22. Qh4 f5 23. Ng4 fxg4 24. f5 f6 25. fxg6 hxg6 26. Bh6+ Kg8 27. Bxf8 Rxf8 28. Rxf6 gxh3 29. Rxf8+ Bxf8 30. Qxh3 Nd6 31. Rf1 Nf5 0-1

[Event "74. C.to Provinciale PD-ROV"]
[Site "Monselice ITA"]
[Date "2014.01.25"]
[Round "3.8"]
[White "Rigo, Filippo"]
[Black "Tissino, Tiziano"]
[Result "0-1"]
[WhiteElo "1598"]
[BlackElo "1802"]
[Annotator "Gabriele Ballarin"]
[PlyCount "58"]
[EventDate "2014.01.24"]
[EventType "swiss"]
[EventRounds "5"]
[EventCountry "ITA"]

1. b3 d5 2. Bb2 c5 3. e3 Nc6 4. Bb5 a6 5. Bxc6+ bxc6 6. f4 Nf6 7. Nf3 a5 8. O-O a4 9. d3 Qb6 10. Qe2 Ba6 11. Na3 e6 12. Bxf6 gxf6 13. Nb1 c4 14. bxa4 Qb2 15. Nbd2 Qxc2 16. Rfc1 Qxa4 17. dxc4 Ba3 18. Rd1 dxc4 19. Qe1 Bb2 20. Rab1 c3 21. Rxb2 cxb2 22. Nb3 Qxa2 23. Nc5 Be2 24. Rb1 Qxb1 25. Qxb1 Ra1 26. Nd2 Rxb1+ 27. Nxb1 Ke7 28. Na4 Bd3 29. Nac3 Ra8 0-1

[Event "74. C.to Provinciale PD-ROV"]
[Site "Monselice ITA"]
[Date "2014.01.25"]
[Round "3.9"]
[White "Belloni, Umberto"]
[Black "Brugnaro, Luca"]
[Result "1-0"]
[WhiteElo "1798"]
[BlackElo "1371"]
[Annotator "Gabriele Ballarin"]
[PlyCount "49"]
[EventDate "2014.01.24"]
[EventType "swiss"]
[EventRounds "5"]
[EventCountry "ITA"]

1. d4 g6 2. c3 Bg7 3. Bg5 d6 4. e3 c6 5. Bd3 Qb6 6. Qc2 Nd7 7. Nd2 Ngf6 8. Bxf6 Nxf6 9. Ngf3 O-O 10. O-O Re8 11. e4 Nh5 12. Rfe1 Nf4 13. Bf1 c5 14. dxc5 dxc5 15. Nc4 Qc7 16. g3 Nh3+ 17. Bxh3 Bxh3 18. Rad1 Rad8 19. Rxd8 Rxd8 20. Ng5 Bd7 21. Kg2 b5 22. Ne3 f6 23. Qb3+ Kh8 24. Nf7+ Kg8 25. Nh6+ 1-0

[Event "74. C.to Provinciale PD-ROV"]
[Site "Monselice ITA"]
[Date "2014.01.25"]
[Round "3.10"]
[White "Brugnaro, Andrea"]
[Black "Mocellin, Gianfranco"]
[Result "1/2-1/2"]
[WhiteElo "1377"]
[BlackElo "1778"]
[Annotator "Gabriele Ballarin"]
[PlyCount "89"]
[EventDate "2014.01.24"]
[EventType "swiss"]
[EventRounds "5"]
[EventCountry "ITA"]

1. e4 d5 2. exd5 Qxd5 3. Nc3 Qd8 4. Nf3 c6 5. g3 Bf5 6. Bg2 Nf6 7. d3 e6 8. O-O Bd6 9. Re1 O-O 10. Bg5 Nbd7 11. Nd4 Bg6 12. Bxf6 Nxf6 13. Ne4 Nxe4 14. dxe4 Bc5 15. Nb3 Qb6 16. Rf1 Rad8 17. Qe1 Rd7 18. Qc3 Bb4 19. Qe3 Qxe3 20. fxe3 Rfd8 21. c3 Be7 22. Bf3 e5 23. Bg4 Rd3 24. Rad1 Bxe4 25. Rxd3 Rxd3 26. Bh5 g6 27. Bf3 Bxf3 28. Rxf3 b6 29. Nc1 Rd1+ 30. Rf1 Rxf1+ 31. Kxf1 e4 32. Kf2 f5 33. Ne2 c5 34. Nf4 Kf7 35. Nd5 Bd6 36. Nf4 Bxf4 37. gxf4 Kf6 38. c4 g5 39. Kg3 h6 40. h4 g4 41. h5 Ke6 42. Kf2 Kd6 43. Ke2 Kc6 44. a4 a6 45. b3 1/2-1/2

[Event "74. C.to Provinciale PD-ROV"]
[Site "Monselice ITA"]
[Date "2014.01.25"]
[Round "3.11"]
[White "Martello, Andrea"]
[Black "Simonetto, Andrea"]
[Result "1-0"]
[WhiteElo "1471"]
[BlackElo "1735"]
[Annotator "Gabriele Ballarin"]
[PlyCount "71"]
[EventDate "2014.01.24"]
[EventType "swiss"]
[EventRounds "5"]
[EventCountry "ITA"]

1. e4 c6 2. d4 d5 3. e5 c5 4. c3 Nc6 5. Bb5 Bf5 6. Nf3 e6 7. O-O a6 8. Bxc6+ bxc6 9. Nbd2 Qc7 10. b3 cxd4 11. cxd4 Nh6 12. a4 a5 13. Re1 Qb6 14. Nf1 Rb8 15. Bxh6 gxh6 16. Ng3 Bg6 17. Re3 c5 18. Rc1 cxd4 19. Qxd4 Qxd4 20. Nxd4 Ba3 21. Rc7 Bb2 22. Nc6 Ra8 23. Re7+ Kf8 24. Rf3 Kg7 25. Rd7 Rhf8 26. h4 h5 27. Ne2 Ba3 28. Ned4 Kg8 29. Nb5 Bb4 30. Nxb4 axb4 31. Rf4 Rfd8 32. Rxd8+ Rxd8 33. Rxb4 Rc8 34. Nd6 Rc1+ 35. Kh2 Rb1 36. a5 1-0

[Event "74. C.to Provinciale PD-ROV"]
[Site "Monselice ITA"]
[Date "2014.01.25"]
[Round "3.12"]
[White "Solinas, Roberto"]
[Black "Aliberti, Nicola"]
[Result "1/2-1/2"]
[WhiteElo "1725"]
[BlackElo "1696"]
[Annotator "Gabriele Ballarin"]
[PlyCount "41"]
[EventDate "2014.01.24"]
[EventType "swiss"]
[EventRounds "5"]
[EventCountry "ITA"]

1. e4 c5 2. c3 g6 3. d4 cxd4 4. cxd4 d6 5. Nc3 Bg7 6. Nf3 a6 7. Be2 Nc6 8. Be3 Nf6 9. O-O O-O 10. Qd2 Re8 11. Bh6 Bh8 12. Rad1 Nd7 13. Be3 b5 14. a3 Bb7 15. Ne1 Na5 16. h4 Nb6 17. h5 Nac4 18. Qc1 Nxe3 19. Qxe3 Nc4 20. Bxc4 bxc4 21. hxg6 {=} 1/2-1/2

[Event "74. C.to Provinciale PD-ROV"]
[Site "Monselice ITA"]
[Date "2014.01.25"]
[Round "3.13"]
[White "De Marchi, Alessandro"]
[Black "Bighin, Marco"]
[Result "1-0"]
[WhiteElo "1716"]
[BlackElo "1518"]
[Annotator "Gabriele Ballarin"]
[PlyCount "24"]
[EventDate "2014.01.24"]
[EventType "swiss"]
[EventRounds "5"]
[EventCountry "ITA"]

1. d4 Nf6 2. Nf3 c6 3. Nc3 g6 4. e4 Bg7 5. Bg5 O-O 6. Qd2 Re8 7. O-O-O a6 8. h4 d5 9. Bd3 Nbd7 10. Bh6 Bh8 11. h5 Nb6 12. hxg6 hxg6 {Nur} 1-0

[Event "74. C.to Provinciale PD-ROV"]
[Site "Monselice ITA"]
[Date "2014.01.25"]
[Round "3.14"]
[White "Scandiuzzi, Roberto"]
[Black "Daccico, Gianni"]
[Result "1/2-1/2"]
[WhiteElo "1443"]
[BlackElo "1581"]
[Annotator "Gabriele Ballarin"]
[PlyCount "65"]
[EventDate "2014.01.24"]
[EventType "swiss"]
[EventRounds "5"]
[EventCountry "ITA"]

1. g3 e5 2. Bg2 Nf6 3. Nc3 Bc5 4. d3 d6 5. Bg5 c6 6. Ne4 Nbd7 7. Nxc5 Nxc5 8. e4 Ne6 9. Bd2 Qb6 10. Bc3 Nc5 11. b3 Ng4 12. Qd2 Nf6 13. Nf3 Bd7 14. O-O Qd8 15. Rfe1 O-O 16. Bb2 b6 17. c4 Qc8 18. h4 Bh3 19. Nh2 Bxg2 20. Kxg2 Nh5 21. d4 exd4 22. Bxd4 Ne6 23. Be3 Nf6 24. Qxd6 Nxe4 25. Qe5 N4c5 26. Bxc5 Nxc5 27. Rad1 Ne6 28. Nf3 c5 29. Rd2 Qb7 30. Qd5 Qc8 31. Qd7 Qxd7 32. Rxd7 Rfd8 33. Red1 1/2-1/2

[Event "74. C.to Provinciale PD-ROV"]
[Site "Monselice ITA"]
[Date "2014.01.25"]
[Round "3.15"]
[White "Fornasiero, Mattia"]
[Black "Baù_226, Lorenzo"]
[Result "1-0"]
[WhiteElo "1672"]
[BlackElo "1411"]
[Annotator "Gabriele Ballarin"]
[PlyCount "43"]
[EventDate "2014.01.24"]
[EventType "swiss"]
[EventRounds "5"]
[EventCountry "ITA"]

1. e4 c5 2. c3 g6 3. d4 cxd4 4. cxd4 Bg7 5. Nf3 a6 6. Nc3 d6 7. Be2 Nd7 8. O-O e6 9. Be3 Ne7 10. Qd2 O-O 11. Bh6 Nf6 12. Bxg7 Kxg7 13. Rac1 Nfg8 14. Rc2 Nh6 15. Rfc1 f5 16. Ng5 Kh8 17. Nxe6 Bxe6 18. Qxh6 Nc6 19. d5 fxe4 20. dxc6 Qf6 21. Nxe4 Qd4 22. cxb7 1-0

[Event "74. C.to Provinciale PD-ROV"]
[Site "Monselice ITA"]
[Date "2014.01.25"]
[Round "3.16"]
[White "Lovisetto, Giampaolo"]
[Black "Alessi, Giovanni"]
[Result "1-0"]
[WhiteElo "1579"]
[BlackElo "1641"]
[Annotator "Gabriele Ballarin"]
[PlyCount "82"]
[EventDate "2014.01.24"]
[EventType "swiss"]
[EventRounds "5"]
[EventCountry "ITA"]

1. d4 d5 2. c4 e5 3. dxe5 d4 4. Nf3 Nc6 5. a3 Be6 6. e3 dxe3 7. Qxd8+ Rxd8 8. Bxe3 a5 9. Nc3 g6 10. Nb5 Rc8 11. Be2 Nge7 12. O-O Bg7 13. Bf4 O-O 14. h3 Bf5 15. g4 Be4 16. Rad1 Nd8 17. Ng5 Bc6 18. Nd4 h6 19. Ngf3 Ne6 20. Bg3 Be4 21. Nh2 c5 22. Nxe6 fxe6 23. f3 Bc2 24. Rd7 Nc6 25. Rc1 Nd4 26. Rxd4 cxd4 27. Rxc2 Rfd8 28. Bd3 Kf7 29. f4 Bf8 30. Be1 b6 31. Nf3 Rc7 32. Nd2 Rdc8 33. a4 Bb4 34. Kf2 Bc5 35. Ne4 Be7 36. Kf3 Kg7 37. h4 Rf8 38. Kg3 Ra7 39. Bd2 Rh8 40. h5 gxh5 41. gxh5 Kf7 1-0

[Event "74. C.to Provinciale PD-ROV"]
[Site "Monselice ITA"]
[Date "2014.01.25"]
[Round "3.17"]
[White "Minei, Giovanni"]
[Black "Lodi, Paolo"]
[Result "1-0"]
[WhiteElo "1530"]
[BlackElo "1600"]
[Annotator "Gabriele Ballarin"]
[PlyCount "69"]
[EventDate "2014.01.24"]
[EventType "swiss"]
[EventRounds "5"]
[EventCountry "ITA"]

1. d4 Nf6 2. Nf3 g6 3. e3 d5 4. Bd3 Bg7 5. c3 O-O 6. Nbd2 b6 7. e4 dxe4 8. Nxe4 Bb7 9. Qe2 Nxe4 10. Bxe4 Bxe4 11. Qxe4 Nd7 12. O-O c5 13. Bg5 Re8 14. Rfe1 Nf6 15. Qb7 h6 16. Bh4 g5 17. Bg3 Nh5 18. Rad1 Qc8 19. Rxe7 Qxb7 20. Rxb7 Nxg3 21. hxg3 Red8 22. d5 g4 23. Nh4 Be5 24. Nf5 h5 25. Nh6+ Kg7 26. Nxf7 Rf8 27. Nxe5+ Kg8 28. d6 Rf5 29. Re1 Rd8 30. d7 Kf8 31. Rc7 Rf6 32. Rc8 Ke7 33. Nxg4+ Kxd7 34. Rxd8+ Kxd8 35. Nxf6 1-0

[Event "74. C.to Provinciale PD-ROV"]
[Site "Monselice ITA"]
[Date "2014.01.26"]
[Round "4.1"]
[White "Zanirato, Stefano"]
[Black "Bergamasco, Tommaso"]
[Result "1-0"]
[WhiteElo "1876"]
[BlackElo "1744"]
[Annotator "Gabriele Ballarin"]
[PlyCount "99"]
[EventDate "2014.01.24"]
[EventType "swiss"]
[EventRounds "5"]
[EventCountry "ITA"]

1. e4 c5 2. Nf3 Nc6 3. Bb5 e6 4. e5 Nge7 5. O-O a6 6. Bxc6 Nxc6 7. a4 d6 8. exd6 Bxd6 9. d3 b6 10. Nc3 Bb7 11. Re1 O-O 12. Ne4 Be7 13. Nfg5 h6 14. Nh3 Nd4 15. Ng3 g5 16. c3 Qd5 17. f3 Nf5 18. Nxf5 Qxf5 19. Qe2 Rad8 20. Nf2 Bd6 21. Ne4 Bb8 22. Be3 Qe5 23. g3 f5 24. d4 Qg7 25. Nd2 f4 26. Bf2 fxg3 27. hxg3 Rfe8 28. dxc5 bxc5 29. Ne4 Bxe4 30. Qxe4 Rd2 31. Re2 Rxe2 32. Qxe2 Qb7 33. Re1 Kf7 34. Qd3 Kg7 35. Rd1 Kf6 36. Bxc5 Bxg3 37. b4 Qc6 38. Kg2 Be5 39. Qh7 Qxa4 40. Qxh6+ Kf5 41. Qh3+ Kf6 42. Qh6+ Kf5 43. Qh7+ Kf6 44. Rh1 Qa2+ 45. Bf2 Bf4 46. Rh6+ Ke5 47. Qe4+ Kd6 48. Qd4+ Qd5 49. Qb6+ Qc6 50. Bc5+ 1-0

[Event "74. C.to Provinciale PD-ROV"]
[Site "Monselice ITA"]
[Date "2014.01.26"]
[Round "4.2"]
[White "Lodici, Lorenzo"]
[Black "Viaggi, Stefano"]
[Result "1-0"]
[WhiteElo "2097"]
[BlackElo "2058"]
[Annotator "Gabriele Ballarin"]
[PlyCount "107"]
[EventDate "2014.01.24"]
[EventType "swiss"]
[EventRounds "5"]
[EventCountry "ITA"]

1. d4 g6 2. e4 Bg7 3. Nf3 d6 4. Bc4 e6 5. O-O Ne7 6. Bb3 Nd7 7. Re1 h6 8. Nbd2 b6 9. Nf1 Bb7 10. Ng3 O-O 11. c3 e5 12. h3 Kh7 13. Bc2 Nc6 14. a4 a5 15. Be3 Qe8 16. Qd2 Nf6 17. d5 Ne7 18. b4 axb4 19. cxb4 Nxe4 20. Nxe4 f5 21. Nc3 f4 22. Bd4 exd4 23. Nxd4 Bxd4 24. Qxd4 Qf7 25. Be4 Qg7 26. Qd2 Nf5 27. a5 Nd4 28. Rad1 Nf5 29. Ne2 f3 30. Nf4 fxg2 31. Ne6 Qf7 32. Nxf8+ Rxf8 33. Bxg2 Nh4 34. Re3 Nxg2 35. Kxg2 Bxd5+ 36. Kg1 Bf3 37. Rde1 Qf5 38. Re7+ Rf7 39. Rxf7+ Qxf7 40. Qe3 bxa5 41. bxa5 Bb7 42. Qe7 Kg7 43. Qxf7+ Kxf7 44. Rc1 c5 45. Rb1 Be4 46. Ra1 Ke7 47. a6 Kd8 48. a7 Kc7 49. a8=Q Bxa8 50. Rxa8 c4 51. Kf1 Kc6 52. Ke2 Kd5 53. Rg8 Kd4 54. Rxg6 1-0